[Event "May Sectional A"]
[Site "Edmonton"]
[Date "2007.05.19"]
[Round "1"]
[White "Huber, Greg"]
[Black "Yearwood, Roy"]
[Result "0-1"]
[WhiteElo "2336"]
[BlackElo "2206"]
[PlyCount "88"]
[EventDate "2007.05.19"]
[EventType "tourn"]
[EventRounds "5"]
[EventCountry "CAN"]

1. e4 Nf6 2. Nc3 e5 3. g3 Bc5 4. Bg2 Nc6 5. d3 O-O 6. Nge2 Nd4 7. O-O d6 8. h3
Be6 9. Na4 Qd7 10. Nxc5 dxc5 11. Kh2 c4 12. f4 Nxc2 13. Qxc2 cxd3 14. Qd2 dxe2
15. Qxe2 Qc6 16. b3 exf4 17. gxf4 Rfe8 18. f5 Bd5 19. Bb2 Rxe4 20. Bxe4 Qd6+
21. Kg1 Nxe4 22. Qe3 Re8 23. Rae1 f6 24. Rf4 Bc6 25. Qc1 Nd2 26. Rxe8+ Bxe8 27.
Qe1 Bc6 28. Ba3 Qd5 29. Qe6+ Qxe6 30. fxe6 Nf3+ 31. Kf1 Ng5 32. e7 Kf7 33. h4
Ne4 34. Ke2 Nd6 35. Rg4 g6 36. h5 g5 37. Bxd6 cxd6 38. Ke3 Kxe7 39. Kd4 h6 40.
Rg3 f5 41. Rg1 f4 42. b4 Kf6 43. b5 Bxb5 44. Kd5 f3 0-1

[Event "May Sectional A"]
[Site "Edmonton"]
[Date "2007.05.19"]
[Round "1"]
[White "Hughey, Micah"]
[Black "Haynes, Nicolas"]
[Result "0-1"]
[WhiteElo "2224"]
[BlackElo "2197"]
[PlyCount "88"]
[EventDate "2007.05.19"]
[EventType "tourn"]
[EventRounds "5"]
[EventCountry "CAN"]

1. e4 e6 2. c4 c5 3. Nf3 Nc6 4. d4 cxd4 5. Nxd4 Nf6 6. Nc3 Bb4 7. Nxc6 bxc6 8.
Bd3 e5 9. O-O O-O 10. Qc2 d6 11. a3 Bc5 12. b4 Bd4 13. Rb1 Be6 14. Ne2 Bb6 15.
a4 a5 16. b5 Rc8 17. Bg5 h6 18. Bh4 g5 19. Bg3 h5 20. h4 Ng4 21. hxg5 Qxg5 22.
Qc1 Qf6 23. Qe1 h4 24. Bh2 Bc5 25. Nc1 Kh8 26. Nb3 Nxh2 27. Kxh2 Rg8 28. Qe2
Qg5 29. Rg1 Qf4+ 30. Kh1 Bg4 31. Qd2 Qxd2 32. Nxd2 Bxf2 33. Rgf1 Be3 34. Nb3
cxb5 35. axb5 h3 36. Rb2 a4 37. Na5 Be6 38. gxh3 Rg3 39. Nc6 Bd4 40. Nxd4 exd4
41. Rd1 Rxh3+ 42. Kg2 Rg8+ 43. Kf1 Rh1+ 44. Ke2 Bg4+ 0-1

[Event "May Sectional A"]
[Site "Edmonton"]
[Date "2007.05.19"]
[Round "2"]
[White "Hughey, Micah"]
[Black "Huber, Greg"]
[Result "1-0"]
[WhiteElo "2224"]
[BlackElo "2336"]
[PlyCount "47"]
[EventDate "2007.05.19"]
[EventType "tourn"]
[EventRounds "5"]
[EventCountry "CAN"]

1. e4 c5 2. c3 Nf6 3. e5 Nd5 4. d4 cxd4 5. Nf3 e6 6. cxd4 d6 7. Bc4 Nc6 8. O-O
Be7 9. Qe2 O-O 10. Nc3 Nxc3 11. bxc3 dxe5 12. dxe5 Qa5 13. Bd3 Rd8 14. Rb1 Qxc3
15. Rb3 Qa5 16. Rb5 Qa4 17. Ng5 h6 18. Bh7+ Kf8 19. Nxf7 Kxf7 20. Qh5+ Kf8 21.
Rb3 Nd4 22. Bxh6 gxh6 23. Qg6 Bg5 24. Qg8+ 1-0

[Event "May Sectional A"]
[Site "Edmonton"]
[Date "2007.05.19"]
[Round "3"]
[White "Gardner, Robert"]
[Black "Yearwood, Roy"]
[Result "1-0"]
[WhiteElo "2305"]
[BlackElo "2206"]
[PlyCount "53"]
[EventDate "2007.05.19"]
[EventType "tourn"]
[EventRounds "5"]
[EventCountry "CAN"]

1. d4 Nf6 2. e3 d6 3. Bd3 e5 4. c4 Nbd7 5. Nc3 Be7 6. Nge2 O-O 7. O-O c6 8. Qc2
d5 9. cxd5 cxd5 10. dxe5 Nxe5 11. Rd1 Bg4 12. f3 Be6 13. Nf4 d4 14. Nxe6 fxe6
15. Ne2 Nxd3 16. Rxd3 e5 17. exd4 e4 18. Re3 Rc8 19. Qb3+ Kh8 20. fxe4 Ng4 21.
Rf3 Qa5 22. Bf4 Qh5 23. h3 Nf6 24. Ng3 Qg6 25. Nf5 Rf7 26. Rg3 Qh5 27. Rg5 1-0

[Event "May Sectional A"]
[Site "Edmonton"]
[Date "2007.05.19"]
[Round "3"]
[White "Haessel, Dale"]
[Black "Hughey, Micah"]
[Result "1-0"]
[WhiteElo "2256"]
[BlackElo "2224"]
[PlyCount "73"]
[EventDate "2007.05.19"]
[EventType "tourn"]
[EventRounds "5"]
[EventCountry "CAN"]

1. d4 Nf6 2. c4 e6 3. g3 d5 4. Nf3 c5 5. cxd5 exd5 6. Bg2 Nc6 7. O-O Be7 8. Nc3
O-O 9. Bg5 cxd4 10. Nxd4 h6 11. Be3 Re8 12. Rc1 Bg4 13. Qa4 Qd7 14. Rfd1 Bh3
15. Bh1 Bf8 16. Nb3 Be6 17. Nc5 Bxc5 18. Bxc5 Rad8 19. Rc2 Ne5 20. Qxd7 Rxd7
21. Bxa7 Bf5 22. Rcc1 Nc4 23. b3 Na3 24. Bd4 Ne4 25. Bxe4 dxe4 26. Bc5 Rxd1+
27. Rxd1 Rc8 28. b4 b6 29. Nd5 bxc5 30. Ne7+ Kh7 31. Nxc8 Bxc8 32. bxc5 Be6 33.
c6 Nb5 34. a4 Bb3 35. Rc1 Nc7 36. a5 Kg6 37. a6 1-0

[Event "May Sectional A"]
[Site "Edmonton"]
[Date "2007.05.19"]
[Round "3"]
[White "Huber, Greg"]
[Black "Haynes, Nicolas"]
[Result "1/2-1/2"]
[WhiteElo "2336"]
[BlackElo "2197"]
[PlyCount "80"]
[EventDate "2007.05.19"]
[EventType "tourn"]
[EventRounds "5"]
[EventCountry "CAN"]

1. e4 d5 2. exd5 Qxd5 3. Nc3 Qa5 4. d4 Nf6 5. Nf3 Bf5 6. Bc4 e6 7. Bd2 c6 8.
O-O Qd8 9. Re1 Be7 10. Bf4 O-O 11. Qe2 Nd5 12. Nxd5 cxd5 13. Bd3 Bxd3 14. Qxd3
Nc6 15. c3 Rc8 16. Re3 Bf6 17. h4 Ne7 18. h5 Nf5 19. Re2 h6 20. Ne5 Bxe5 21.
Rxe5 Qf6 22. g3 Nd6 23. Rae1 Ne4 24. f3 Nd6 25. Kg2 Rfd8 26. Bc1 Nc4 27. R5e2
a6 28. g4 Nd6 29. Re5 Nc4 30. R5e2 Nd6 31. b3 Qe7 32. Re5 Qc7 33. Bd2 Re8 34.
Rh1 f6 35. Re2 Qd7 36. Rhe1 Nf7 37. Qg6 Nh8 38. Qd3 Nf7 39. Bc1 b5 40. Bd2 e5
1/2-1/2

[Event "May Sectional A"]
[Site "Edmonton"]
[Date "2007.05.20"]
[Round "4"]
[White "Huber, Greg"]
[Black "Haessel, Dale"]
[Result "1-0"]
[WhiteElo "2336"]
[BlackElo "2256"]
[PlyCount "63"]
[EventDate "2007.05.19"]
[EventType "tourn"]
[EventRounds "5"]
[EventCountry "CAN"]

1. e4 e5 2. Nc3 Nf6 3. g3 d5 4. exd5 Nxd5 5. Bg2 Nxc3 6. bxc3 Be7 7. Nf3 Nd7 8.
O-O O-O 9. Re1 Bf6 10. Rb1 Re8 11. d4 exd4 12. Rxe8+ Qxe8 13. cxd4 c6 14. Qd3
Nb6 15. Bg5 Qd8 16. Bxf6 Qxf6 17. Nd2 Bf5 18. Be4 Bxe4 19. Nxe4 Qf5 20. c4 Nxc4
21. Qxc4 Qxe4 22. Rxb7 Qf3 23. Rb3 Qd1+ 24. Kg2 Rf8 25. Rb7 a5 26. Rc7 h5 27.
Rxc6 h4 28. d5 Qh5 29. g4 Qe5 30. Rc5 g5 31. d6 Qf6 32. Rf5 1-0

[Event "May Sectional A"]
[Site "Edmonton"]
[Date "2007.05.20"]
[Round "5"]
[White "Gardner, Robert"]
[Black "Huber, Greg"]
[Result "0-1"]
[WhiteElo "2305"]
[BlackElo "2336"]
[PlyCount "122"]
[EventDate "2007.05.19"]
[EventType "tourn"]
[EventRounds "5"]
[EventCountry "CAN"]

1. b3 b6 2. Bb2 Bb7 3. e3 Nf6 4. f4 e6 5. Nf3 d6 6. d4 Ne4 7. c4 Nd7 8. Nc3 Be7
9. Bd3 f5 10. d5 Bh4+ 11. g3 Nxc3 12. Bxc3 Bf6 13. Nd4 O-O 14. O-O Bxd4 15.
Bxd4 exd5 16. g4 Qe7 17. cxd5 Bxd5 18. Bxf5 Bb7 19. Qd3 Rxf5 20. gxf5 Re8 21.
Rae1 c5 22. Bb2 Be4 23. Qd2 Nf6 24. Bxf6 Qxf6 25. h3 Qxf5 26. Kh2 d5 27. Rg1
Qf6 28. Rg3 Re7 29. Reg1 h6 30. Rc1 Kh7 31. Rf1 b5 32. Rf2 c4 33. Qd4 Qxd4 34.
exd4 Rc7 35. Rf1 c3 36. Rc1 b4 37. Re3 Kg6 38. a3 a5 39. Ree1 Kf5 40. Kg3 Rc6
41. Rg1 Rg6+ 42. Kf2 Kxf4 43. Rxg6 Bxg6 44. axb4 axb4 45. Rg1 Bc2 46. Rg4+ Kf5
47. Ke3 Bxb3 48. Kd3 g5 49. Rg1 Bc4+ 50. Kc2 Ke4 51. Rg4+ Kf3 52. Rg1 Ke3 53.
Rd1 h5 54. Rg1 Kxd4 55. Rd1+ Ke3 56. Re1+ Be2 57. Rg1 g4 58. hxg4 hxg4 59. Kb3
Kd2 60. Ra1 Bc4+ 61. Kxb4 c2 0-1

[Event "May Sectional A"]
[Site "Edmonton"]
[Date "2007.05.20"]
[Round "5"]
[White "Haessel, Dale"]
[Black "Haynes, Nicolas"]
[Result "1/2-1/2"]
[WhiteElo "2256"]
[BlackElo "2197"]
[PlyCount "60"]
[EventDate "2007.05.19"]
[EventType "tourn"]
[EventRounds "5"]
[EventCountry "CAN"]

1. d4 d5 2. c4 e6 3. Nf3 Nf6 4. g3 Bb4+ 5. Bd2 Be7 6. Bg2 O-O 7. O-O c6 8. b3
b6 9. Bc3 Ba6 10. Nbd2 Nbd7 11. Qc2 Rc8 12. e4 dxe4 13. Nxe4 Nxe4 14. Qxe4 b5
15. Ne5 Nxe5 16. dxe5 c5 17. f4 Rb8 18. cxb5 Bxb5 19. Rfd1 Qc8 20. g4 Ba6 21.
Qa4 Be2 22. Rd2 Bxg4 23. Qxa7 Bd8 24. Rd6 c4 25. b4 g5 26. Rc6 Qxc6 27. Bxc6
Bb6+ 28. Qxb6 Rxb6 29. b5 Rc8 30. fxg5 Rcxc6 1/2-1/2

[Event "May Sectional B"]
[Site "Edmonton"]
[Date "2007.05.19"]
[Round "1"]
[White "Rekhson, Vladislav"]
[Black "Daniluk, Jim"]
[Result "1-0"]
[WhiteElo "2191"]
[BlackElo "2037"]
[PlyCount "29"]
[EventDate "2007.05.19"]
[EventType "tourn"]
[EventRounds "5"]
[EventCountry "CAN"]

1. e4 c5 2. Nf3 Nc6 3. Bb5 Na5 4. Nc3 a6 5. Bf1 g6 6. d4 cxd4 7. Nxd4 Bg7 8.
Be3 Qc7 9. Nd5 Qd8 10. Nf5 gxf5 11. Bb6 Bxb2 12. Bxd8 Kxd8 13. Rb1 Bg7 14. Qh5
Nh6 15. Qg5 1-0

[Event "May Sectional B"]
[Site "Edmonton"]
[Date "2007.05.19"]
[Round "2"]
[White "Mrugala, David"]
[Black "Rekhson, Vladislav"]
[Result "0-1"]
[WhiteElo "2067"]
[BlackElo "2191"]
[PlyCount "100"]
[EventDate "2007.05.19"]
[EventType "tourn"]
[EventRounds "5"]
[EventCountry "CAN"]

1. c4 b6 2. d4 Bb7 3. d5 e6 4. a3 a5 5. Nc3 Na6 6. Nf3 Bc5 7. e4 f5 8. exf5
exf5 9. Bd3 Ne7 10. O-O O-O 11. Re1 Ng6 12. Qc2 Nh4 13. Nxh4 Qxh4 14. g3 Qh5
15. Re5 g6 16. Kg2 Qg4 17. Bf4 Bd6 18. Be2 Bxe5 19. Bxg4 Bxf4 20. gxf4 fxg4 21.
Kg3 Rae8 22. Kxg4 d6 23. Qd2 Bc8+ 24. Kg3 Nc5 25. Re1 Bf5 26. Re3 Kf7 27. Kh4
Ne4 28. Nxe4 Bxe4 29. Qd4 Bf5 30. Rxe8 Rxe8 31. Kg5 Re1 32. Qf6+ Ke8 33. Qh8+
Kd7 34. Kf6 h5 35. Qa8 Re4 36. Kf7 Re1 37. b4 axb4 38. axb4 Re7+ 39. Kf8 Re4
40. Qc6+ Kd8 41. f3 Re7 42. c5 bxc5 43. bxc5 Bd7 44. cxd6 Re8+ 45. Kf7 Bxc6 46.
dxc7+ Kxc7 47. dxc6 Re2 48. Kxg6 Rxh2 49. f5 h4 50. f4 Rg2+ 0-1

[Event "May Sectional B"]
[Site "Edmonton"]
[Date "2007.05.20"]
[Round "4"]
[White "Rekhson, Vladislav"]
[Black "Gluckie, Jamin"]
[Result "1/2-1/2"]
[WhiteElo "2191"]
[BlackElo "2089"]
[PlyCount "77"]
[EventDate "2007.05.19"]
[EventType "tourn"]
[EventRounds "5"]
[EventCountry "CAN"]

1. e4 e6 2. d4 d5 3. Nc3 Bb4 4. e5 c5 5. a3 Bxc3+ 6. bxc3 Ne7 7. Nf3 Qc7 8. a4
b6 9. Bb5+ Bd7 10. Bd3 Nbc6 11. O-O h6 12. h4 O-O 13. h5 f6 14. Bf4 fxe5 15.
Bxe5 Nxe5 16. Nxe5 Nc6 17. Nxc6 Qxc6 18. Re1 Rf6 19. Re5 Raf8 20. f3 Rf4 21.
Qd2 Kh8 22. Bb5 Qc7 23. Bxd7 Qxd7 24. Qe3 cxd4 25. cxd4 R4f6 26. a5 b5 27. Re1
Qc7 28. Rxe6 Rxe6 29. Qxe6 Qxa5 30. Qe7 Rg8 31. Qh4 Qc3 32. Re5 Qxc2 33. Rxd5
b4 34. Rc5 Qd1+ 35. Kh2 b3 36. Qe4 Rb8 37. Rb5 Rxb5 38. Qe8+ Kh7 39. Qg6+
1/2-1/2

[Event "May Sectional C"]
[Site "Edmonton"]
[Date "2007.05.19"]
[Round "2"]
[White "Harris, Adam"]
[Black "Kuczaj, Chris"]
[Result "1/2-1/2"]
[WhiteElo "1792"]
[BlackElo "2020"]
[PlyCount "38"]
[EventDate "2007.05.19"]
[EventType "tourn"]
[EventRounds "5"]
[EventCountry "CAN"]

1. Nf3 Nf6 2. g3 g6 3. Bg2 Bg7 4. d3 O-O 5. O-O c5 6. Nbd2 Nc6 7. e4 d6 8. Re1
e5 9. c3 Nh5 10. Nf1 h6 11. Ne3 Be6 12. Nd5 f5 13. Nh4 Kh7 14. exf5 Bxf5 15.
Nxf5 Rxf5 16. Be4 Nf6 17. Nxf6+ Rxf6 18. Qg4 d5 19. Bg2 Rf5 1/2-1/2

[Event "May Sectional C"]
[Site "Edmonton"]
[Date "2007.05.19"]
[Round "3"]
[White "Milne, Arthur"]
[Black "Harris, Adam"]
[Result "1/2-1/2"]
[WhiteElo "1890"]
[BlackElo "1792"]
[PlyCount "70"]
[EventDate "2007.05.19"]
[EventType "tourn"]
[EventRounds "5"]
[EventCountry "CAN"]

1. f4 Nf6 2. Nf3 e6 3. g3 b6 4. Bg2 Bb7 5. O-O d5 6. e3 Be7 7. b3 Nbd7 8. Bb2
O-O 9. d3 c5 10. Nbd2 Rc8 11. Qe2 Ba6 12. c4 Qc7 13. Rac1 Rfe8 14. Ne5 dxc4 15.
bxc4 Nxe5 16. fxe5 Nd7 17. Nf3 Nf8 18. a4 Red8 19. a5 b5 20. Nd2 Ng6 21. cxb5
Bxb5 22. Nc4 Bxc4 23. dxc4 Nxe5 24. Qh5 f5 25. e4 Nd3 26. Rb1 Nxb2 27. Rxb2 Bf6
28. Rb5 g6 29. Qe2 Rb8 30. exf5 Bd4+ 31. Kh1 exf5 32. Rfb1 Re8 33. Rxb8 Rxb8
34. Qe6+ Kh8 35. Rxb8+ Qxb8 1/2-1/2

[Event "May Sectional C"]
[Site "Edmonton"]
[Date "2007.05.20"]
[Round "4"]
[White "Harris, Adam"]
[Black "Pedersen, Rick"]
[Result "0-1"]
[WhiteElo "1792"]
[BlackElo "1999"]
[PlyCount "62"]
[EventDate "2007.05.19"]
[EventType "tourn"]
[EventRounds "5"]
[EventCountry "CAN"]

1. d4 Nf6 2. c4 g6 3. Nf3 Bg7 4. Nc3 O-O 5. e4 d6 6. Be2 e5 7. O-O Nc6 8. d5
Ne7 9. b4 a5 10. bxa5 c6 11. a6 bxa6 12. dxc6 Nxc6 13. Ba3 Qa5 14. Qxd6 Qxc3
15. Qxc6 Bd7 16. Qd6 Nxe4 17. Qd3 Rfe8 18. Qxe4 Qxa3 19. Ng5 h6 20. Nxf7 Kxf7
21. Rfd1 Be6 22. Rd3 Qe7 23. Rf3+ Bf6 24. Bd3 Bf5 25. Qd5+ Qe6 26. Qb7+ Qd7 27.
Qxd7+ Bxd7 28. Be4 Rab8 29. Rd1 Bg4 30. Rxf6+ Kxf6 31. Rd6+ Be6 0-1

[Event "May Sectional C"]
[Site "Edmonton"]
[Date "2007.05.20"]
[Round "5"]
[White "Nisbet, Rob"]
[Black "Harris, Adam"]
[Result "1-0"]
[WhiteElo "1725"]
[BlackElo "1792"]
[PlyCount "115"]
[EventDate "2007.05.19"]
[EventType "tourn"]
[EventRounds "5"]
[EventCountry "CAN"]

1. d4 Nf6 2. c4 g6 3. Nc3 d5 4. e3 Bg7 5. cxd5 Nxd5 6. Nf3 O-O 7. Qb3 Nxc3 8.
bxc3 c5 9. Ba3 cxd4 10. exd4 Qc7 11. Bc4 Nc6 12. Bd5 Na5 13. Qb4 e5 14. Nxe5
Bf5 15. O-O Rad8 16. Bf3 Bxe5 17. dxe5 Nc4 18. Qc5 Qxc5 19. Bxc5 Rfe8 20. Bxb7
Rxe5 21. Bd4 Ree8 22. Rfe1 Be6 23. Bc6 Rf8 24. Bc5 Rd2 25. Bxf8 Kxf8 26. Ba4
Rd3 27. Rac1 Rd5 28. Bb3 Rc5 29. Rcd1 Kg7 30. Rd4 Na3 31. Ra4 Bxb3 32. axb3 Nc2
33. Rc1 Rxc3 34. Ra2 Nb4 35. Rxc3 Nxa2 36. Rc4 Kf6 37. Kf1 a5 38. Ke2 Ke7 39.
Kd2 h5 40. Ra4 Nb4 41. Rxb4 axb4 42. Kd3 Kf6 43. Kc4 Ke5 44. Kxb4 Kd4 45. Ka5
Kd3 46. b4 Ke2 47. b5 Kxf2 48. b6 Kxg2 49. b7 Kxh2 50. b8=Q+ Kg2 51. Qf4 f5 52.
Kb4 h4 53. Qxh4 Kf3 54. Kc3 f4 55. Kd2 Ke4 56. Ke2 Kf5 57. Kf3 g5 58. Qh5 1-0

[Event "May Sectional D "]
[Site "Edmonton"]
[Date "2007.05.19"]
[Round "3"]
[White "Wu, Allan"]
[Black "Zeggelaar, Mike"]
[Result "1-0"]
[WhiteElo "1633"]
[BlackElo "1491"]
[PlyCount "111"]
[EventDate "2007.05.19"]
[EventType "tourn"]
[EventRounds "5"]
[EventCountry "CAN"]

1. c4 Nf6 2. Nc3 e6 3. Nf3 Bb4 4. g3 Bxc3 5. dxc3 O-O 6. Bg2 d6 7. O-O Nbd7 8.
Re1 b6 9. Nd4 d5 10. cxd5 exd5 11. Nc6 Qe8 12. Bxd5 Bb7 13. Ne7+ Qxe7 14. Bxb7
Rad8 15. Bg2 Ne5 16. Qc2 Nfg4 17. h3 Nd3 18. Rf1 Nxc1 19. Raxc1 Nf6 20. Rcd1
Rxd1 21. Rxd1 Re8 22. Bc6 Rf8 23. Bf3 Qe6 24. Qa4 a5 25. Kg2 g6 26. Qc6 Qe7 27.
Rd3 Kg7 28. e4 Qe5 29. Qc4 Re8 30. Kg1 Nxe4 31. Re3 f5 32. Bg2 Rd8 33. Bxe4
Rd1+ 34. Kg2 fxe4 35. Rxe4 Qd6 36. Rd4 Rxd4 37. Qxd4+ Qf6 38. Qxf6+ Kxf6 39. f4
h6 40. Kf3 b5 41. b3 c5 42. c4 b4 43. g4 g5 44. f5 h5 45. Ke4 h4 46. Kd5 Ke7
47. Kxc5 Kf6 48. Kd6 a4 49. c5 axb3 50. axb3 Kf7 51. c6 Ke8 52. c7 Kf7 53. c8=Q
Kg7 54. Qd7+ Kf8 55. Ke6 Kg8 56. Kf6 1-0

[Event "2nd Edmonton International"]
[Site "Edmonton"]
[Date "2007.08.02"]
[Round "1"]
[White "Aveskulov, Valeriy"]
[Black "Reeve, Jeff"]
[Result "1-0"]
[WhiteElo "2539"]
[BlackElo "2205"]
[PlyCount "141"]
[EventDate "2007.08.02"]
[EventType "tourn"]
[EventRounds "9"]
[EventCountry "CAN"]
[TimeControl "6600+30"]

1. e4 c5 2. Ne2 d6 3. g3 Nc6 4. Bg2 g6 5. O-O Bg7 6. c3 e5 7. Na3 Nge7 8. Nc2
d5 9. d3 O-O 10. Bg5 Be6 11. Qc1 Qd7 12. b3 f6 13. Be3 d4 14. cxd4 cxd4 15. Bd2
Rfc8 16. Qb2 b5 17. b4 Rc7 18. Rfb1 Rac8 19. Ne1 Nd8 20. Nc1 Nb7 21. Nb3 Bf8
22. a3 a6 23. Rc1 Rxc1 24. Nxc1 Rc7 25. f4 Nc8 26. fxe5 fxe5 27. Nf3 Bd6 28.
Ng5 Nb6 29. Nxe6 Qxe6 30. Qa2 Qxa2 31. Rxa2 Na4 32. Kf1 a5 33. Nb3 Nc3 34. Ra1
axb4 35. axb4 Bxb4 36. Bh3 Kf7 37. Ra6 Bd6 38. Ke1 Na4 39. Na5 Nac5 40. Nxb7
Nxb7 41. Bg4 b4 42. Bd1 Be7 43. Bb3+ Kg7 44. Ra7 Bc5 45. Ra8 Bf8 46. Ra7 Bc5
47. Ra8 Bf8 48. Ke2 h6 49. Bd5 Bc5 50. Rg8+ Kh7 51. Re8 Be7 52. Rb8 Nd8 53. h4
g5 54. h5 Kg7 55. Bxb4 Bxb4 56. Rxb4 Nf7 57. Kf3 Nd6 58. Rb6 Rd7 59. Rb8 Re7
60. Kg4 Ne8 61. Kf5 Nd6+ 62. Kg4 Ne8 63. Rb6 Nf6+ 64. Kf5 Nd7 65. Rg6+ Kh7 66.
Bg8+ Kh8 67. Be6 Nc5 68. Rxh6+ Kg7 69. Rg6+ Kh7 70. Bg8+ Kh8 71. Bc4 1-0

[Event "2nd Edmonton International"]
[Site "Edmonton"]
[Date "2007.08.02"]
[Round "1"]
[White "Bachmann, Axel"]
[Black "Li, Zhichao"]
[Result "1-0"]
[WhiteElo "2466"]
[BlackElo "2143"]
[PlyCount "89"]
[EventDate "2007.08.02"]
[EventType "tourn"]
[EventRounds "9"]
[EventCountry "CAN"]
[TimeControl "6600+30"]

1. e4 d5 2. exd5 Qxd5 3. Nc3 Qa5 4. Bc4 Nf6 5. d4 c6 6. Nf3 Bf5 7. O-O e6 8.
Re1 Bb4 9. Bd2 O-O 10. Bb3 Nbd7 11. a3 Bxc3 12. Bxc3 Qc7 13. h3 Rfe8 14. Ne5
Ne4 15. Nxd7 Qxd7 16. Qf3 Nxc3 17. bxc3 Qc7 18. Re5 Kh8 19. Rae1 Bg6 20. g4 Qe7
21. a4 Qa3 22. h4 f6 23. R5e2 Re7 24. Bxe6 Rae8 25. Bb3 Rxe2 26. Rxe2 Re7 27.
g5 Rxe2 28. Qxe2 fxg5 29. Qe6 Qf8 30. hxg5 Qe8 31. Qe5 h5 32. f4 Qd7 33. Be6
Qe7 34. Kh2 Bxc2 35. Qb8+ Kh7 36. Qc8 Kg6 37. c4 Bxa4 38. Kg3 c5 39. d5 Qd6 40.
Qg8 h4+ 41. Kf3 Bd1+ 42. Ke4 Bc2+ 43. Ke3 Qe7 44. d6 Qxd6 45. Qf7+ 1-0

[Event "2nd Edmonton International"]
[Site "Edmonton"]
[Date "2007.08.02"]
[Round "1"]
[White "Haessel, Dale"]
[Black "Donaldson, John"]
[Result "1/2-1/2"]
[WhiteElo "2136"]
[BlackElo "2413"]
[PlyCount "119"]
[EventDate "2007.08.02"]
[EventType "tourn"]
[EventRounds "9"]
[EventCountry "CAN"]
[TimeControl "6600+30"]

1. d4 c5 2. d5 Nf6 3. c4 d6 4. Nc3 g6 5. Nf3 Bg7 6. g3 O-O 7. Bg2 a6 8. a4 e6
9. O-O exd5 10. cxd5 Re8 11. Nd2 Nbd7 12. h3 Rb8 13. Nc4 Nb6 14. Na3 Bd7 15. a5
Nc8 16. Nc4 Bb5 17. Qb3 Bxc4 18. Qxc4 Nd7 19. Ra3 Na7 20. e4 Ne5 21. Qe2 c4 22.
Be3 Nb5 23. Nxb5 axb5 24. b3 Qd7 25. bxc4 bxc4 26. Rb1 Rbc8 27. Bd2 Rc5 28. Bc3
Nd3 29. Qc2 Bxc3 30. Qxc3 Rb5 31. Raa1 Rc5 32. Rb6 Rc7 33. a6 Nc5 34. axb7 Nxb7
35. Rb4 Rec8 36. f4 Nc5 37. Qxc4 Ra7 38. Rxa7 Qxa7 39. Qd4 Qa3 40. Kh2 Nb3 41.
Qb6 Nd2 42. Qxd6 Nf3+ 43. Bxf3 Qxf3 44. Rb2 Qxe4 45. Qe5 Re8 46. Qxe4 Rxe4 47.
Rb8+ Kg7 48. Kg2 Rd4 49. Rd8 Kf6 50. Rd7 h5 51. Kf3 Rd3+ 52. Kf2 h4 53. g4 Rxh3
54. g5+ Kg7 55. d6 Rd3 56. Rd8 Rd2+ 57. Kg1 h3 58. Kh1 h2 59. d7 Kh7 60. Re8
1/2-1/2

[Event "2nd Edmonton International"]
[Site "Edmonton"]
[Date "2007.08.02"]
[Round "1"]
[White "Huber, Greg"]
[Black "Yanayt, Eugene"]
[Result "1/2-1/2"]
[WhiteElo "2211"]
[BlackElo "2335"]
[PlyCount "112"]
[EventDate "2007.08.02"]
[EventType "tourn"]
[EventRounds "9"]
[EventCountry "CAN"]
[TimeControl "6600+30"]

1. e4 c5 2. Nc3 g6 3. g3 Bg7 4. Bg2 Nc6 5. d3 Rb8 6. Be3 b5 7. Qd2 b4 8. Nd1
Qb6 9. f4 d6 10. Nf3 Nh6 11. h3 f5 12. O-O O-O 13. e5 d5 14. d4 c4 15. Nh2 e6
16. g4 a5 17. g5 Nf7 18. h4 Ba6 19. c3 Rb7 20. h5 Rfb8 21. Nf3 a4 22. Nh4 Nh8
23. Bf3 bxc3 24. Nxc3 Qa5 25. Rab1 Nb4 26. h6 Bf8 27. a3 Nd3 28. Nxd5 Qxd2 29.
Nf6+ Kf7 30. Bxd2 Rxb2 31. Rxb2 Rxb2 32. Be3 Bxa3 33. Ra1 Rb3 34. Bd1 Bb5 35.
Nf3 Bb2 36. Ra2 a3 37. Nd2 Nc1 38. Bxb3 cxb3 39. Rxb2 axb2 40. d5 exd5 41. Nxd5
Bd3 42. Nc3 Ke6 43. Na4 b1=Q 44. Nxb1 Bxb1 45. Bxc1 Bc2 46. Nc5+ Kd5 47. e6
Kxc5 48. e7 b2 49. Bxb2 Ba4 50. Bxh8 Kd6 51. Bf6 Ke6 52. Kf2 Kf7 53. Ke3 Bb5
54. Kd4 Ba4 55. Ke5 Bb5 56. Kd6 Ba4 1/2-1/2

[Event "2nd Edmonton International"]
[Site "Edmonton"]
[Date "2007.08.02"]
[Round "1"]
[White "Kraai, Jesse"]
[Black "Khachiyan, Melikset"]
[Result "0-1"]
[WhiteElo "2525"]
[BlackElo "2490"]
[PlyCount "74"]
[EventDate "2007.08.02"]
[EventType "tourn"]
[EventRounds "9"]
[EventCountry "CAN"]
[TimeControl "6600+30"]

1. Nf3 c5 2. c4 Nc6 3. Nc3 Nd4 4. e3 Nxf3+ 5. Qxf3 g6 6. g3 Bg7 7. Bg2 d6 8.
O-O Nh6 9. d4 cxd4 10. exd4 Nf5 11. d5 O-O 12. Qd3 a6 13. Bd2 b5 14. Rac1 bxc4
15. Qxc4 Bd7 16. Rfe1 Nd4 17. Bg5 Re8 18. Qd3 Nb5 19. Nxb5 axb5 20. Qb3 Qa5 21.
a3 h6 22. Rxe7 Rxe7 23. Bxe7 Be5 24. Rd1 Re8 25. f4 Bg7 26. Bh4 Bg4 27. Rf1 Be2
28. Rb1 Qd2 29. Qb4 Qe3+ 30. Kh1 g5 31. fxg5 hxg5 32. Bxg5 Qxg5 33. Qxd6 Bd3
34. Rd1 Qg4 35. Rg1 Bd4 36. h3 Qe2 37. Rf1 Be4 0-1

[Event "2nd Edmonton International"]
[Site "Edmonton"]
[Date "2007.08.03"]
[Round "2"]
[White "Donaldson, John"]
[Black "Kraai, Jesse"]
[Result "1/2-1/2"]
[WhiteElo "2413"]
[BlackElo "2525"]
[PlyCount "33"]
[EventDate "2007.08.02"]
[EventType "tourn"]
[EventRounds "9"]
[EventCountry "CAN"]
[TimeControl "6600+30"]

1. c4 b6 2. Nf3 Bb7 3. g3 Bxf3 4. exf3 e6 5. d4 d5 6. Nc3 dxc4 7. Bxc4 c6 8. d5
exd5 9. Nxd5 Ne7 10. Nf6+ gxf6 11. Bxf7+ Kxf7 12. Qxd8 Nd5 13. O-O Bg7 14. Qd6
Bf8 15. Qd8 Bg7 16. Qd6 Bf8 17. Qd8 1/2-1/2

[Event "2nd Edmonton International"]
[Site "Edmonton"]
[Date "2007.08.03"]
[Round "2"]
[White "Huber, Greg"]
[Black "Aveskulov, Valeriy"]
[Result "1-0"]
[WhiteElo "2211"]
[BlackElo "2539"]
[PlyCount "67"]
[EventDate "2007.08.02"]
[EventType "tourn"]
[EventRounds "9"]
[EventCountry "CAN"]
[TimeControl "6600+30"]

1. e4 c5 2. Nc3 a6 3. g3 b5 4. Bg2 Bb7 5. d3 e6 6. Nf3 d6 7. O-O Be7 8. b3 Nf6
9. Bb2 Nbd7 10. Nd2 Qb6 11. h3 h5 12. a4 Rb8 13. axb5 axb5 14. Ne2 e5 15. c3 h4
16. d4 cxd4 17. cxd4 hxg3 18. Nxg3 g6 19. Re1 Nh5 20. Nxh5 Rxh5 21. Nf1 Bf6 22.
d5 Bh4 23. Re2 f5 24. exf5 Nf6 25. Bd4 Qc7 26. f4 Kf8 27. fxe5 Nxd5 28. exd6
Qf7 29. Qd2 Bg5 30. fxg6 Qd7 31. Rf2+ Kg8 32. Qe2 Rh4 33. Qe5 Nf4 34. Rxf4 1-0

[Event "2nd Edmonton International"]
[Site "Edmonton"]
[Date "2007.08.03"]
[Round "2"]
[White "Li, Zhichao"]
[Black "Haessel, Dale"]
[Result "1/2-1/2"]
[WhiteElo "2143"]
[BlackElo "2136"]
[PlyCount "106"]
[EventDate "2007.08.02"]
[EventType "tourn"]
[EventRounds "9"]
[EventCountry "CAN"]
[TimeControl "6600+30"]

1. d4 Nf6 2. c4 g6 3. Nc3 d5 4. cxd5 Nxd5 5. e4 Nxc3 6. bxc3 Bg7 7. Be3 c5 8.
Nf3 Qa5 9. Qd2 O-O 10. Rc1 Rd8 11. d5 e6 12. c4 Qxd2+ 13. Nxd2 b6 14. Be2 Na6
15. f4 f5 16. e5 Bb7 17. Kf2 Nb4 18. a3 exd5 19. axb4 d4 20. b5 dxe3+ 21. Kxe3
Rd4 22. Rhd1 Bh6 23. g3 g5 24. Nf3 gxf4+ 25. Kf2 fxg3+ 26. hxg3 Bxc1 27. Nxd4
cxd4 28. Rxc1 Kf7 29. Rd1 Rd8 30. Ra1 Ra8 31. Rd1 Ke6 32. Rxd4 Rc8 33. Ke3 Kxe5
34. Rd7 Rb8 35. Rxh7 a6 36. Rh6 Bc8 37. Rh8 axb5 38. cxb5 Ra8 39. Re8+ Kf6 40.
Bd3 Kf7 41. Rh8 Kf6 42. Rh6+ Ke5 43. Rxb6 Ra3 44. Rc6 Bd7 45. Rc1 Rb3 46. Kd2
Rb2+ 47. Kc3 Rg2 48. Rb1 Rxg3 49. b6 Rg8 50. Kb4 Rb8 51. Ka5 Bc6 52. Rc1 Be4
53. Bxe4 fxe4 1/2-1/2